| 000 | 00426nam a2200157Ia 4500 | ||
|---|---|---|---|
| 020 | _a(hb) | ||
| 082 |
_a954.91 _bQUR |
||
| 100 |
_aQuresshi, I H _96679 |
||
| 245 | _aA Short History of Pakistan. | ||
| 260 |
_aKarachi: _bUniversity of Karachi, _c2006. |
||
| 300 | _a290p. | ||
| 500 | _aBook one: Pre-Muslim period. | ||
| 526 |
_a0 _b0 _c0 _d954_910000000000000_QUR |
||
| 650 |
_aPakistan -- History. _97198 |
||
| 942 |
_2ddc _cBK |
||
| 999 |
_c553645 _d553645 |
||